000 00665cam a22002413a 4500
001 17307
003 PGUSA
005 20140828083353.0
008 051214s2005||||xxu|||||s|||||000 | eng d
040 _aPGUSA
_beng
042 _adc
050 4 _aBX
050 4 _aLC
100 1 _aBennion, Adam S.
_q(Adam Samuel),
_d1886-1958
245 1 0 _aPrinciples of Teaching
_h[electronic resource] /
_cAdam S. Bennion
260 _bProject Gutenberg,
_c2005
506 _aPublic domain in the USA.
516 _aElectronic text
653 _aReligious education
830 0 _aProject Gutenberg
_v17307
856 4 0 _uhttp://www.gutenberg.org/ebooks/17307
942 _cEB
999 _c246562
_d246562